Reconnaissance of the geology and mineral resources of Prince William Sound, Alaska, (Record no. 24975)
[ view plain ]
| 000 -LEADER | |
|---|---|
| fixed length control field | 00981nam a22002651 4500 |
| 001 - CONTROL NUMBER | |
| control field | gs 11000001 |
| 003 - CONTROL NUMBER IDENTIFIER | |
| control field | DLC |
| 005 - DATE AND TIME OF LATEST TRANSACTION | |
| control field | 20260227111310.0 |
| 008 - FIXED-LENGTH DATA ELEMENTS--GENERAL INFORMATION | |
| fixed length control field | 770317s1910 dcuab b f00010 eng c |
| 010 ## - LIBRARY OF CONGRESS CONTROL NUMBER | |
| LC control number | gs 11000001 |
| 040 ## - CATALOGING SOURCE | |
| Original cataloging agency | U.S. Geol. Survey. Libr. (200) E no. 443 |
| Transcribing agency | ak |
| 043 ## - GEOGRAPHIC AREA CODE | |
| Geographic area code | n-us-ak |
| 050 0# - LIBRARY OF CONGRESS CALL NUMBER | |
| Classification number | QE75 |
| Item number | .B9 no. 443 |
| 051 ## - LIBRARY OF CONGRESS COPY, ISSUE, OFFPRINT STATEMENT | |
| Classification number | TN24.A4 |
| Item number | G83 |
| Copy information | Copy 2. |
| 100 10 - MAIN ENTRY--PERSONAL NAME | |
| Personal name | Grant, Ulysses Sherman, |
| Dates associated with a name | 1867-1932. |
| 245 10 - TITLE STATEMENT | |
| Title | Reconnaissance of the geology and mineral resources of Prince William Sound, Alaska, |
| Statement of responsibility, etc. | by U. S. Grant and D. F. Higgins. |
| 260 0# - PUBLICATION, DISTRIBUTION, ETC. | |
| Place of publication, distribution, etc. | Washington, |
| Name of publisher, distributor, etc. | Govt. print. off., |
| Date of publication, distribution, etc. | 1910. |
| 300 ## - PHYSICAL DESCRIPTION | |
| Extent | 89 p. |
| Other physical details | illus., XII pl. (incl. fold. maps) diagrs. |
| Dimensions | 24 cm. |
| 490 0# - SERIES STATEMENT | |
| Series statement | United States. Geological survey. Bulletin 443 |
| 500 ## - GENERAL NOTE | |
| General note | Two folded maps in pocket. |
| 504 ## - BIBLIOGRAPHY, ETC. NOTE | |
| Bibliography, etc. note | "Recent survey publications on Alaska": p. 80-86. |
| 650 #0 - SUBJECT ADDED ENTRY--TOPICAL TERM | |
| Topical term or geographic name entry element | Geology |
| Geographic subdivision | Alaska. |
| 650 #0 - SUBJECT ADDED ENTRY--TOPICAL TERM | |
| Topical term or geographic name entry element | Mines and mineral resources |
| Geographic subdivision | Alaska. |
| 700 10 - ADDED ENTRY--PERSONAL NAME | |
| Personal name | Higgins, Daniel F., |
| Titles and other words associated with a name | jr. |
No items available.